01235nam a2200241 a 4500001001000000003000900010005001700019008004100036020001800077040002600095082002700121100002100148245011300169260004600282300003600328500007300364505033600437650005300773650004800826650005200874700002100926710004600947000046525DO-SdBNP20220128113138.0150821s2015 dr c 000 0 spa d a9789945423334 aDO-SdBNPbspacBPMSU  a751.62bC247m 20152221 aCappelli, Simona10aMétodos y técnicas de conservación de las obras de arte (1) /cSimona Cappelli editor Simona Cappelli. aSanto Domingo :bUniversidad APEC,c2015. a144 p. :bil., retrs. ;c22 cm. aIncluye referencias bibliográficas y notas al pie de las páginas0 aLa conservación y restauración de los bienes culturales en República Dominicana -- Columnas coloniales del Colegio de Gorjón. Centro Cultural de España, Ciudad Colonial Santo Domingo. Relación técnica final de conservación agosto 2009 -- Pintura mural de Roland Dorcély, hotel Villa Créole, Petionville, Haití 4aConservación y restauración de obras de arte 4aConservación y restauración de pinturas 4aPintura MuralxConservación y restauración.12aSimona Cappelli.2 aUniversidad APEC (República Dominicana)